| 000 | 00952cam a22002895a 4500 | ||
|---|---|---|---|
| 005 | 20150817140257.0 | ||
| 006 | a||||fr|||| 00| 0 | ||
| 008 | 150817t1995 maua|||fr|||| 001 0 eng d | ||
| 010 | _a 95021221 | ||
| 020 | _a020148949X (pbk.) | ||
| 020 | _a9780201489491 | ||
| 040 |
_aEG-ScBUE _beng _cEG-ScBUE |
||
| 082 | 0 | 4 |
_a006.6765 _bADV _222 |
| 100 | _a20080729 | ||
| 245 | 0 | 0 |
_aAdvanced color imaging on the Mac OS / _c[Apple Computer, Inc.]. |
| 260 |
_aReading : _bAddison-Wesley Pub. Co., _cc.1995. |
||
| 300 |
_a (various pagings) : _bill. (some col.) ; _c23 cm. + _e1 computer laser optical disc (4 3/4 in.) |
||
| 500 | _aIncludes index. | ||
| 500 | _aIncludes glossary. | ||
| 590 | _adoaa mohamed | ||
| 650 | 0 |
_aColor computer graphics. _2BUEsh |
|
| 650 | 0 |
_aMacintosh (Computer) _2BUEsh |
|
| 651 | _2BUEsh | ||
| 653 |
_bCOMSCI _cAugust2015 |
||
| 710 | 2 |
_aApple Computer, Inc. _928127 |
|
| 942 |
_cBB _k006.6765 _2ddc |
||
| 999 |
_c7296 _d7296 |
||